[Event "OP-2022-0-05317"]
[Site "LSS email"]
[Date "2022.08.18"]
[Round "?"]
[White "Vasseur, Olivier"]
[Black "Kuttner, Jaromir"]
[Result "1-0"]
[WhiteElo "1728"]
[BlackElo "865"]
[PlyCount "25"]
[EventDate "2022.08.11"]
[EventType "tourn (corr)"]
[EventRounds "4"]
[EventCountry "GER"]
[SourceTitle "Corr 2024"]
[Source "ChessBase"]
[SourceDate "2023.10.19"]
[SourceVersion "1"]
[SourceVersionDate "2023.10.19"]
[SourceQuality "1"]

1. g3 d5 2. Bg2 Nf6 3. d4 e6 4. Nf3 c5 5. c3 Nc6 6. 0-0 cxd4 7. cxd4 Be7 8. Nc3 0-0 9. a3 Bd7 10. e3 Rc8 11. Qe2 Na5 12. Nd2 a6 13. Rd1 1-0

[Event "OP-2022-0-05317"]
[Site "LSS email"]
[Date "2022.08.17"]
[Round "?"]
[White "Ventura, Bob"]
[Black "Kuttner, Jaromir"]
[Result "0-1"]
[WhiteElo "683"]
[BlackElo "865"]
[PlyCount "80"]
[EventDate "2022.08.11"]
[EventType "tourn (corr)"]
[EventRounds "4"]
[EventCountry "GER"]
[SourceTitle "Corr 2024"]
[Source "ChessBase"]
[SourceDate "2023.10.19"]
[SourceVersion "1"]
[SourceVersionDate "2023.10.19"]
[SourceQuality "1"]

1. e4 c5 2. d4 cxd4 3. Qxd4 Nc6 4. Qd1 g6 5. Bd2 Bg7 6. Bc3 Nf6 7. Nf3 0-0 8. Bc4 Nxe4 9. Bxg7 Kxg7 10. 0-0 Qb6 11. b3 e6 12. Qe1 d5 13. Bd3 f5 14. h3 Ng3 15. Kh2 Nxf1+ 16. Bxf1 e5 17. Nbd2 Bd7 18. a4 e4 19. Ng1 Nd4 20. Rc1 Rac8 21. c3 Nxb3 22. Rb1 Qd6+ 23. Kh1 Nxd2 24. Qxd2 Bc6 25. Bb5 a6 26. Be2 Qa3 27. Qd4+ Rf6 28. c4 Qa2 29. Qd1 Qxa4 30. Qc1 dxc4 31. Qxc4 Qxc4 32. Bxc4 Rd6 33. Kh2 Rd2 34. Kg3 b5 35. Be6 Rcd8 36. Bb3 R8d3+ 37. Kh2 Rxf2 38. Be6 e3 39. Re1 Rxg2+ 40. Kh1 Rf2+ 0-1

[Event "LSS SN-2021-0-01030"]
[Site "LSS email"]
[Date "2021.09.27"]
[Round "?"]
[White "Neumann, Otto"]
[Black "Kuttner, Jaromir"]
[Result "0-1"]
[WhiteElo "847"]
[BlackElo "896"]
[PlyCount "60"]
[EventDate "2021.06.22"]
[EventType "tourn (corr)"]
[EventRounds "6"]
[EventCountry "GER"]
[SourceTitle "Corr 2024"]
[Source "ChessBase"]
[SourceDate "2023.10.19"]
[SourceVersion "1"]
[SourceVersionDate "2023.10.19"]
[SourceQuality "1"]

1. d4 Nf6 2. c4 e6 3. Nc3 c5 4. d5 exd5 5. cxd5 d6 6. e4 g6 7. Bg5 Nbd7 8. Bb5 h6 9. Bh4 g5 10. Bg3 a6 11. Be2 Ne5 12. h3 Bg7 13. Nf3 Nfd7 14. Qa4 0-0 15. 0-0 Re8 16. Nxe5 Nxe5 17. f4 Ng6 18. Bf3 gxf4 19. Bf2 b5 20. Qc2 Ne5 21. b3 Qg5 22. Qe2 Bxh3 23. Kh2 Nxf3+ 24. Qxf3 Bg4 25. Qd3 Be5 26. Kh1 h5 27. Rg1 h4 28. Raf1 Kg7 29. Be1 Rh8 30. Rf2 Bd4 0-1

[Event "LSS RN-2021-0-01604"]
[Site "LSS email"]
[Date "2021.08.12"]
[Round "?"]
[White "PVlV, Leg"]
[Black "Kuttner, Jaromir"]
[Result "1-0"]
[WhiteElo "800"]
[BlackElo "955"]
[PlyCount "49"]
[EventDate "2020.12.10"]
[EventType "tourn (corr)"]
[EventRounds "6"]
[EventCountry "GER"]
[SourceTitle "Corr 2024"]
[Source "ChessBase"]
[SourceDate "2023.10.19"]
[SourceVersion "1"]
[SourceVersionDate "2023.10.19"]
[SourceQuality "1"]

1. d4 Nf6 2. c4 e6 3. a3 d5 4. e3 c5 5. Nf3 Nc6 6. cxd5 exd5 7. Be2 Bf5 8. Nc3 Rc8 9. Ne5 a6 10. 0-0 cxd4 11. exd4 Bd6 12. f4 0-0 13. Bf3 Be4 14. Nxe4 Nxe4 15. Bxe4 dxe4 16. Be3 f6 17. Qb3+ Kh8 18. Nf7+ Rxf7 19. Qxf7 Rc7 20. Qh5 g6 21. Qe2 Na5 22. Rac1 Nb3 23. Rcd1 b5 24. d5 f5 25. Bb6 1-0

[Event "LSS SN-2021-0-01027"]
[Site "LSS email"]
[Date "2021.07.20"]
[Round "?"]
[White "Bieszk, Stanislaw"]
[Black "Kuttner, Jaromir"]
[Result "1-0"]
[WhiteElo "850"]
[BlackElo "973"]
[PlyCount "25"]
[EventDate "2021.01.22"]
[EventType "tourn (corr)"]
[EventRounds "6"]
[EventCountry "GER"]
[SourceTitle "Corr 2024"]
[Source "ChessBase"]
[SourceDate "2023.10.19"]
[SourceVersion "1"]
[SourceVersionDate "2023.10.19"]
[SourceQuality "1"]

1. e4 c5 2. Nf3 Nc6 3. d4 cxd4 4. Nxd4 g6 5. Nc3 Bg7 6. Be3 Nf6 7. f3 0-0 8. Qd2 d5 9. 0-0-0 e5 10. Nxc6 bxc6 11. exd5 cxd5 12. Nxd5 Nxd5 13. Qxd5 1-0

[Event "LSS SF-2021-0-00506"]
[Site "LSS email"]
[Date "2021.02.25"]
[Round "?"]
[White "De Booij, Marco"]
[Black "Kuttner, Jaromir"]
[Result "1-0"]
[WhiteElo "1069"]
[BlackElo "1018"]
[PlyCount "81"]
[EventDate "2020.12.24"]
[EventType "tourn (corr)"]
[EventRounds "6"]
[EventCountry "GER"]
[SourceTitle "Corr 2024"]
[Source "ChessBase"]
[SourceDate "2023.10.19"]
[SourceVersion "1"]
[SourceVersionDate "2023.10.19"]
[SourceQuality "1"]

1. e4 c5 2. Nf3 Nc6 3. d4 cxd4 4. Nxd4 g6 5. Bc4 Bg7 6. c3 Qa5 7. Nxc6 bxc6 8. 0-0 Nf6 9. Re1 d6 10. b4 Qe5 11. Bd3 Ng4 12. f4 Qh5 13. h3 Nf6 14. Qxh5 Nxh5 15. a3 0-0 16. Ra2 a5 17. Rc2 Rb8 18. Be3 axb4 19. axb4 Rd8 20. Be2 Ng3 21. Bf3 d5 22. exd5 cxd5 23. Bf2 Bf5 24. Rcc1 Ne4 25. Be3 h5 26. Nd2 Rdc8 27. Bxe4 dxe4 28. Bc5 Bh6 29. Nxe4 Bxf4 30. Rc2 e6 31. Ra2 Ra8 32. Rxa8 Rxa8 33. Nd6 Bd2 34. Re2 Bxc3 35. Nxf5 exf5 36. Re3 Ra1+ 37. Kh2 Bd2 38. Re8+ Kh7 39. Bd4 Bf4+ 40. g3 Ra2+ 41. Kh1 1-0

[Event "LSS No Engine Cup 214 Preliminary 0"]
[Site "LSS email"]
[Date "2021.02.17"]
[Round "?"]
[White "Kuttner, Jaromir"]
[Black "Hoehne, Micha"]
[Result "0-1"]
[WhiteElo "1087"]
[BlackElo "2067"]
[PlyCount "28"]
[EventDate "2021.02.17"]
[EventType "tourn (corr)"]
[EventRounds "6"]
[EventCountry "GER"]
[SourceTitle "Corr 2024"]
[Source "ChessBase"]
[SourceDate "2023.10.19"]
[SourceVersion "1"]
[SourceVersionDate "2023.10.19"]
[SourceQuality "1"]

1. e4 e5 2. Nf3 Nc6 3. d4 exd4 4. Nxd4 Bc5 5. c3 d5 6. exd5 Qxd5 7. Be3 Nf6 8. b3 Bg4 9. f3 0-0-0 10. Bc4 Qe5 11. Kf2 Nxd4 12. cxd4 Rxd4 13. Bxd4 Bxd4+ 14. Kf1 Re8 0-1

[Event "LSS No Engine Cup 214 Preliminary 0"]
[Site "LSS email"]
[Date "2021.02.17"]
[Round "?"]
[White "Reppert, Victor"]
[Black "Kuttner, Jaromir"]
[Result "1-0"]
[WhiteElo "1654"]
[BlackElo "1087"]
[PlyCount "23"]
[EventDate "2021.02.17"]
[EventType "tourn (corr)"]
[EventRounds "6"]
[EventCountry "GER"]
[SourceTitle "Corr 2024"]
[Source "ChessBase"]
[SourceDate "2023.10.19"]
[SourceVersion "1"]
[SourceVersionDate "2023.10.19"]
[SourceQuality "1"]

1. e4 c5 2. Nf3 Nc6 3. d4 cxd4 4. Nxd4 g6 5. Nc3 Bg7 6. Be3 Nf6 7. Bc4 Qa5 8. 0-0 Qb4 9. Qe2 Nxe4 10. Nxe4 Nxd4 11. Bxd4 Bxd4 12. c3 1-0

[Event "RN-2021-0-01602"]
[Site "LSS email"]
[Date "2021.01.10"]
[Round "?"]
[White "Kuttner, Jaromir"]
[Black "Bieszk, Stanislaw"]
[Result "0-1"]
[WhiteElo "976"]
[BlackElo "826"]
[PlyCount "52"]
[EventDate "2020.10.10"]
[EventType "tourn (corr)"]
[EventRounds "6"]
[EventCountry "GER"]
[SourceTitle "Corr 2022"]
[Source "ChessBase"]
[SourceDate "2021.10.24"]
[SourceVersion "1"]
[SourceVersionDate "2021.10.24"]
[SourceQuality "1"]

1. e4 c5 2. Nf3 d6 3. d4 cxd4 4. Nxd4 Nf6 5. Nc3 a6 6. g3 Nc6 7. Bg2 Bd7 8. 0-0 g6 9. Bg5 Bg7 10. a4 0-0 11. Qd2 Rc8 12. Bh6 Ne5 13. Bxg7 Kxg7 14. b3 Qc7 15. Nd5 Nxd5 16. exd5 Qc3 17. Rad1 b5 18. Nc6 Qxd2 19. Rxd2 Nxc6 20. dxc6 Bxc6 21. a5 Bxg2 22. Kxg2 Rc3 23. Re1 Kf6 24. f3 Rfc8 25. Ree2 b4 26. Kf2 R3c5 0-1

[Event "LSS SN-2021-0-01023"]
[Site "LSS email"]
[Date "2021.01.06"]
[Round "?"]
[White "Pehl, Ferenc"]
[Black "Kuttner, Jaromir"]
[Result "0-1"]
[WhiteElo "936"]
[BlackElo "924"]
[PlyCount "62"]
[EventDate "2020.10.21"]
[EventType "tourn (corr)"]
[EventRounds "6"]
[EventCountry "GER"]
[SourceTitle "Corr 2024"]
[Source "ChessBase"]
[SourceDate "2023.10.19"]
[SourceVersion "1"]
[SourceVersionDate "2023.10.19"]
[SourceQuality "1"]

1. e4 e5 2. Nf3 Nc6 3. c4 Nf6 4. d3 Be7 5. h3 0-0 6. Be2 h6 7. 0-0 b6 8. a3 Bb7 9. b4 d6 10. Nc3 Qd7 11. Bb2 Nd8 12. Nd5 Nxd5 13. exd5 c6 14. dxc6 Bxc6 15. b5 Bb7 16. Bc3 a5 17. a4 Bf6 18. Qc2 Ne6 19. Rfd1 Nf4 20. Kh2 Rac8 21. Qb2 Rc7 22. Rac1 Rfc8 23. Qd2 Qe6 24. Bb2 d5 25. Qe3 d4 26. Qd2 g5 27. Ba3 h5 28. Ng1 g4 29. hxg4 hxg4 30. g3 Bg5 31. Qa2 Qh6+ 0-1

[Event "RN-2021-0-01601"]
[Site "LSS email"]
[Date "2021.01.03"]
[Round "?"]
[White "Bieszk, Stanislaw"]
[Black "Kuttner, Jaromir"]
[Result "0-1"]
[WhiteElo "871"]
[BlackElo "979"]
[PlyCount "100"]
[EventDate "2020.09.28"]
[EventType "tourn (corr)"]
[EventRounds "6"]
[EventCountry "GER"]
[SourceTitle "Corr 2022"]
[Source "ChessBase"]
[SourceDate "2021.10.24"]
[SourceVersion "1"]
[SourceVersionDate "2021.10.24"]
[SourceQuality "1"]

1. e4 c5 2. Nf3 Nc6 3. d4 cxd4 4. Nxd4 g6 5. Be3 Bg7 6. c3 Nf6 7. f3 0-0 8. Bc4 d5 9. exd5 Nxd5 10. Bxd5 Qxd5 11. Qb3 Qe5 12. Kf2 Na5 13. Qb5 Qc7 14. Rd1 Bd7 15. Qe2 Qxh2 16. Nd2 Qh4+ 17. Kf1 e5 18. N4b3 Nxb3 19. axb3 a6 20. Qf2 Qxf2+ 21. Bxf2 f5 22. b4 Bc6 23. Nb3 Rad8 24. Na5 Rxd1+ 25. Rxd1 Rc8 26. Nxc6 bxc6 27. Ra1 Ra8 28. Ke2 Kf7 29. Kd3 Ke6 30. Kc4 Bf8 31. Bc5 Bd6 32. Rd1 Bc7 33. b3 h5 34. Bf2 a5 35. bxa5 Rxa5 36. b4 Ra2 37. Bh4 Rxg2 38. Bd8 Bd6 39. b5 cxb5+ 40. Kxb5 Rb2+ 41. Kc6 Bf8 42. Bg5 Rb3 43. Rd3 f4 44. Bd8 Bb4 45. Bc7 Rxc3+ 46. Rxc3 Bxc3 47. Kc5 Bd4+ 48. Kc4 h4 49. Kd3 h3 50. Ke4 h2 0-1

[Event "RF-2021-0-00511"]
[Site "LSS email"]
[Date "2021.01.03"]
[Round "?"]
[White "Pehl, Ferenc"]
[Black "Kuttner, Jaromir"]
[Result "0-1"]
[WhiteElo "1000"]
[BlackElo "1047"]
[PlyCount "82"]
[EventDate "2020.09.24"]
[EventType "tourn (corr)"]
[EventRounds "6"]
[EventCountry "GER"]
[SourceTitle "Corr 2022"]
[Source "ChessBase"]
[SourceDate "2021.10.24"]
[SourceVersion "1"]
[SourceVersionDate "2021.10.24"]
[SourceQuality "1"]

1. e4 e5 2. Nf3 Nc6 3. Bb5 Nf6 4. 0-0 d6 5. Re1 Be7 6. d4 Bd7 7. dxe5 Nxe5 8. Bxd7+ Nfxd7 9. Nxe5 Nxe5 10. Nc3 0-0 11. h3 c6 12. Rb1 Bf6 13. Ne2 Bh4 14. Be3 Qf6 15. Rf1 Qg6 16. f3 f5 17. exf5 Rxf5 18. Kh2 Nc4 19. Bf2 Bxf2 20. Rxf2 Rg5 21. Qd3 Qxd3 22. cxd3 Ne5 23. Rd1 Rh5 24. Ng3 Rh6 25. b3 Rf8 26. d4 Ng4+ 27. Kg1 Nxf2 28. Kxf2 Re6 29. Re1 Rfe8 30. Rxe6 Rxe6 31. Ne2 g5 32. g4 Kf7 33. Nc3 d5 34. Ne2 b6 35. Nc3 Kf6 36. b4 Ke7 37. a4 Kd6 38. Ne2 c5 39. dxc5+ bxc5 40. bxc5+ Kxc5 41. a5 Ra6 0-1

[Event "IECC CL0-2021.00 email"]
[Site "IECC email"]
[Date "2021.01.01"]
[Round "?"]
[White "Kuttner, Jaromir"]
[Black "Shim Ng Min, Francis"]
[Result "0-1"]
[WhiteElo "1039"]
[BlackElo "1149"]
[PlyCount "42"]
[EventDate "2020.10.17"]
[EventType "tourn (corr)"]
[EventRounds "4"]
[SourceTitle "Corr 2022"]
[Source "ChessBase"]
[SourceDate "2021.10.24"]
[SourceVersion "1"]
[SourceVersionDate "2021.10.24"]
[SourceQuality "1"]

1. e4 b6 2. d4 Bb7 3. Bd3 Nf6 4. Nc3 e6 5. Nge2 Be7 6. f4 0-0 7. Be3 d5 8. e5 Nfd7 9. f5 c5 10. Nf4 cxd4 11. Bxd4 Bc5 12. fxe6 fxe6 13. Nxe6 Qh4+ 14. g3 Qh3 15. Nxf8 Bxd4 16. Nxd7 Nxd7 17. Bxh7+ Qxh7 18. Qxd4 Qxc2 19. Nxd5 Re8 20. 0-0 Nxe5 21. Rae1 Nf3+ 0-1

[Event "IECC CL0-2021.00 email"]
[Site "IECC email"]
[Date "2021.01.01"]
[Round "?"]
[White "Pehl, Ferenc"]
[Black "Kuttner, Jaromir"]
[Result "1-0"]
[WhiteElo "1009"]
[BlackElo "1039"]
[PlyCount "41"]
[EventDate "2020.10.17"]
[EventType "tourn (corr)"]
[EventRounds "4"]
[SourceTitle "Corr 2022"]
[Source "ChessBase"]
[SourceDate "2021.10.24"]
[SourceVersion "1"]
[SourceVersionDate "2021.10.24"]
[SourceQuality "1"]

1. e4 c5 2. Nf3 Nc6 3. h3 Nf6 4. d3 g6 5. a3 Bg7 6. Be2 0-0 7. 0-0 Qc7 8. Be3 b6 9. Nc3 a6 10. Rb1 Rd8 11. Qc1 d5 12. exd5 Nxd5 13. Nxd5 Rxd5 14. Bf4 e5 15. Bg3 f5 16. Bh2 Bb7 17. c3 Rad8 18. Qc2 Qe7 19. Rfe1 e4 20. dxe4 fxe4 21. Bc4 1-0

[Event "LSS No Engine Cup 211 Preliminary 0"]
[Site "LSS email"]
[Date "2020.12.15"]
[Round "?"]
[White "Callow, Chris"]
[Black "Kuttner, Jaromir"]
[Result "1-0"]
[WhiteElo "2218"]
[BlackElo "1087"]
[PlyCount "27"]
[EventDate "2020.12.15"]
[EventType "tourn (corr)"]
[EventRounds "6"]
[EventCountry "GER"]
[SourceTitle "Corr 2024"]
[Source "ChessBase"]
[SourceDate "2023.10.19"]
[SourceVersion "1"]
[SourceVersionDate "2023.10.19"]
[SourceQuality "1"]

1. e4 c5 2. Nf3 Nc6 3. d4 cxd4 4. Nxd4 g6 5. Nc3 Bg7 6. Be3 Nf6 7. Bc4 0-0 8. Bb3 Qa5 9. 0-0 e6 10. f4 d5 11. e5 Ne8 12. Nxc6 bxc6 13. Qe1 c5 14. Nxd5 1-0